Statistics for Top Scorers/Most Capped Players for Argentina

Click here to take the quiz!

General Stats

  • This quiz has been taken 85 times
  • The average score is 12 of 20

Answer Stats

PlaceGoalsPlayer% Correct
171Lionel Messi
100%
3142Lionel Messi
100%
534Diego Maradona
93%
1091Diego Maradona
93%
797Sergio Aguero
85%
341Sergio Aguero
85%
254Gabriel Batistuta
79%
6104Angel Di Maria
78%
631Gonzalo Higuain
77%
1147Javier Mascherano
75%
2143Javier Zanetti
68%
435Hernan Crespo
59%
996Sergio Romero
49%
4114Roberto Ayala
42%
5106Diego Simeone
30%
823Daniel Passarella
25%
897Oscar Ruggeri
15%
921Leopoldo Luque
8%
724Luis Artime
4%
1021Jose Sanfilippo
1%

Score Distribution

Percentile by Number Answered

Percent of People with Each Score

Your Score History

You have not taken this quiz